Statistics for Countries by two words #1

Click here to take the quiz!

General Stats

  • This quiz has been taken 55 times
  • The average score is 8 of 10

Answer Stats

HintAnswer% Correct
Giant PandaChina
98%
The OutbackAustralia
96%
Most fjordsNorway
96%
Great BritainUnited Kingdom
96%
Mt. OlympusGreece
89%
Burj KhalifaUnited Arab Emirates
83%
Kuala LumpurMalaysia
81%
The AzoresPortugal
77%
Snake islandBrazil
40%
Bora BoraFrance
40%

Score Distribution

Percentile by Number Answered

Percent of People with Each Score

Your Score History

You have not taken this quiz